000 00425nam a2200169 a 4500
001 0456
005 20140414131916.0
008 040117s19uu xx 00 eng d
020 _a1-85422701-7
050 _aER
_bG54 1994
100 _aHarris Sarah
245 _aGoldilocks and the three bears /
_cSarah Harris.
260 _aLondon :
_bTwin books,
_c1994.
300 _ap. ; cm.
650 _aFolklore.
999 _c111452
_d111452